Catalog

Record Details

Catalog Search



Člověk na útěku / Max Picard ; [přeložil Ladislav Jehlička]

Picard, Max, 1888-1965 (Author). Jehlička, Ladislav, 1916-1996 (Translator, Author of afterword, colophon, etc.).

Record details

  • Physical Description: 105 s. ; 19 cm
  • Edition: 1. vyd. ve Vyšehradu
  • Publisher: Praha : Vyšehrad, 1970
Subject: Picard, Max, 1888-1965
Bůh a člověk
náboženská víra
filozofie náboženství
filozofie života
životní postoje
meditace
relations between God and man
religious faith
philosophy of religion
philosophy of life
life attitudes
meditation
Genre: úvahy
essays

Available copies

  • 2 of 2 copies available at Common Catalog SPOK.

Holds

  • 0 current holds with 2 total copies.
Show Only Available Copies
Location Call Number / Copy Notes Barcode Shelving Location Status Due Date
Jabok Library FL-3/Pi 424480001767 Odborná literatura Available -
Jabok Library FL-3/Pi 424480020562 Odborná literatura Available -

LDR 02774nam a22008297a 4500
0011686
003CZ-PrJAB
00520160114104122.0
007ta
008100901s1970 xr fr 000 0 cze d
015 . ‡acnb000129451
020 . ‡q(Brož.)
035 . ‡a(CZ PrSKC)000175448
035 . ‡a(OCoLC)2143907
035 . ‡a(OCoLC)42143907
040 . ‡aABA006 ‡bcze ‡cABA006 ‡dABA006
0411 . ‡acze ‡hger
072 7. ‡a2-1 ‡xPřirozená teologie. Náboženská filozofie ‡2Konspekt ‡95
080 . ‡a2-184 ‡2MRF
080 . ‡a2-184.3 ‡2MRF
080 . ‡a2-1 ‡2MRF
080 . ‡a165.745 ‡2MRF
080 . ‡a316.64 ‡2MRF
080 . ‡a2-583 ‡2MRF
080 . ‡a(0:82-4) ‡2MRF
1001 . ‡aPicard, Max, ‡d1888-1965 ‡7skuk0001097 ‡4aut
24510. ‡aČlověk na útěku / ‡cMax Picard ; [přeložil Ladislav Jehlička]
250 . ‡a1. vyd. ve Vyšehradu
260 . ‡aPraha : ‡bVyšehrad, ‡c1970
300 . ‡a105 s. ; ‡c19 cm
4901 . ‡aKrystal ; ‡vsv. 1
60017. ‡aPicard, Max, ‡d1888-1965 ‡7skuk0001097 ‡2czenas
65007. ‡aBůh a člověk ‡7ph116953 ‡2czenas
65007. ‡anáboženská víra ‡7ph115476 ‡2czenas
65007. ‡afilozofie náboženství ‡7ph114544 ‡2czenas
65007. ‡afilozofie života ‡7ph120231 ‡2czenas
65007. ‡aživotní postoje ‡7ph128028 ‡2czenas
65007. ‡ameditace ‡7ph115255 ‡2czenas
65009. ‡arelations between God and man ‡2eczenas
65009. ‡areligious faith ‡2eczenas
65009. ‡aphilosophy of religion ‡2eczenas
65009. ‡aphilosophy of life ‡2eczenas
65009. ‡alife attitudes ‡2eczenas
65009. ‡ameditation ‡2eczenas
655 7. ‡aúvahy ‡7fd134000 ‡2czenas
655 9. ‡aessays ‡2eczenas
7001 . ‡aJehlička, Ladislav, ‡d1916-1996 ‡7jn20000401222 ‡4trl ‡4aft
7650 . ‡tFlucht vor Gott ‡9Česky
830 0. ‡aKrystal
910 . ‡aABG312
901 . ‡a1686 ‡bUnknown ‡c1686 ‡tbiblio

Additional Resources